000 00434nam a22001457a 4500
008 150320b xxu||||| |||| 00| 0 eng d
020 _a9788461256457
082 _a727.7
_bR311l
110 _aRecrea Asturias
_92231
245 _aLaboral ciudad de la cultura
260 _aEspaña
_bRecrea Asturias
300 _a217
_bill (col)
650 _xArquitectura
_xEdificios públicos para el arte
_zEspaña
_92232
710 _aRecrea Asturias
_92233
999 _c466
_d466